000 00576nam a2200229Ia 4500
003 OSt
005 20221005120720.0
006 a|||||r|||| 00| 0
007 ta
008 221004b |||||||| |||| 00| 0 eng d
024 _a43435
037 _cTextual
040 _aCRL
_cCRL
_beng
041 _2eng
_aeng
082 _aO:1M19:9, 122J4
100 _aAsselineau Roger
245 0 _aEvolution de Walt Whitman
260 _c1954
650 _aENGLISH LITERATURE
942 _hO:1M19:9, 122J4
_cTEXL
_2cc
999 _c1038922
_d1038922